|
|
|
|
| LEADER |
00937nam a2200241 a 4500 |
| 001 |
2825182 |
| 008 |
090615s1984 mdua b 001 0 eng d |
| 010 |
|
|
|a \\\83049367
|
| 020 |
|
|
|a 0801830680
|
| 020 |
|
|
|a 0801830699 (pbk.)
|
| 040 |
|
|
|a DLC
|c DLC
|d DLC
|
| 082 |
0 |
0 |
|a 658.1/554
|2 19
|
| 100 |
1 |
|
|a Ray, Anandarup.
|
| 245 |
1 |
0 |
|a Cost-benefit analysis :
|b issues and methodologies /
|c Anandarup Ray.
|
| 260 |
|
|
|a Baltimore :
|b Published for the World Bank [by] Johns Hopkins University Press,
|c c1984.
|
| 300 |
|
|
|a vii, 158 p. :
|b ill. ;
|c 25 cm.
|
| 504 |
|
|
|a Includes bibliographical references (p. 146-150) and index.
|
| 541 |
1 |
|
|e 00002605
|
| 650 |
|
0 |
|a Cost effectiveness.
|
| 710 |
2 |
|
|a World Bank.
|
| 852 |
4 |
|
|a Ayesha Abed Library
|j General shelf
|
| 999 |
|
|
|c 1322
|d 1322
|
| 952 |
|
|
|0 0
|1 0
|2 ddc
|4 0
|6 658_155400000000000_RAY
|7 0
|9 1204
|a BRACUL
|b BRACUL
|c GEN
|d 2009-06-25
|g 893.00
|l 2
|m 13
|o 658.1554 RAY
|p 3010002605
|r 2016-01-18
|s 2015-05-11
|t 1
|w 2009-06-25
|y BK
|